Deutsche Städte - Sudden Death - Statistiken

Allgemein
  • Dieses Quiz wurde 375 mal gespielt
  • Das Durchschnittsergebnis liegt bei 10 aus 17
Answers on the Grid
Answers color-coded by a green-red scale on the quiz's grid according to % correct below.
Williamsburg
Hildesheim
Johannesburg
Kalkutta
Cottbus
Swinemünde
Nürnberg
Schwerin
Plauen
Heidelberg
Straßburg
Mülhausen
Pinneberg
Emden
Groningen
Enschede
Lüttich
Friedrichshafen
Kreuzlingen
Innsbruck
Karlsbad
Linz
Stettin
Greifswald
Wismar
Celle
Koblenz
Bottrop
Recklinghausen
Oberhausen
Bozen
Danzig
Batman
Windhuk
Warna
Tübingen
 
Antwortstatistiken
Antwort % Korrekt
Nürnberg
65%
Koblenz
64%
Schwerin
64%
Cottbus
63%
Heidelberg
63%
Recklinghausen
60%
Tübingen
59%
Hildesheim
58%
Oberhausen
58%
Celle
57%
Greifswald
55%
Bottrop
54%
Emden
54%
Friedrichshafen
54%
Wismar
53%
Pinneberg
41%
Plauen
41%
Keine übereinstimmenden Quizze gefunden
Verteilung der Resultate
Anzahl Personen mit jedem Resultat
Perzentil nach korrekt beantworteten Fragen
Ihre Resultats-Entwicklung
Sie haben dieses Quiz noch nicht gespielt